Dr. Christopher Manners, MD - Samarra, Iraq
Jonathen Settle, Daniel Hothem, Chris Manners, S. A. Shenoy
| AG | 1 | 20.00 | 900% | 0% | 300% |
| DM | 1 | 20.00 | 0% | 300% | 300% |
| MB | 4 | 12.50 | 225% | 150% | 150% |
| RR | 1 | 20.00 | 0% | 300% | 300% |
| TR | 2 | 15.00 | 450% | 0% | 300% |
| AG | 2 | 20.00 | 450% | 250% | 100% |
| AK | 1 | 10.00 | 400% | 0% | 0% |
| AR | 4 | 12.50 | 325% | 50% | 125% |
| AW | 3 | 13.33 | 300% | 200% | 100% |
| BB | 7 | 12.86 | 257% | 29% | 257% |
| DM | 4 | 15.00 | 675% | 50% | 150% |
| KD | 1 | 20.00 | 900% | 300% | 0% |
| MB | 8 | 12.50 | 225% | 150% | 150% |
| RC | 4 | 12.50 | 550% | 75% | 75% |
| RR | 4 | 10.00 | 675% | 0% | 50% |
| TR | 9 | 16.67 | 433% | 167% | 122% |